| 000 | 01190nam a22003497a 4500 | ||
|---|---|---|---|
| 003 | CHAP | ||
| 005 | 20220817043713.0 | ||
| 008 | 000913d1999 mx r 00110 esp d | ||
| 010 | _a82225 | ||
| 011 | _a83197 | ||
| 020 | _a9684630395 | ||
| 035 | _a93708 | ||
| 040 | _cCHAP | ||
| 082 | 0 | 4 |
_a641.1 _bR45 |
| 100 | 0 | 0 |
_aRemes Quiroga, Alfredo. _995849 |
| 245 | 1 | 0 |
_aSistema integrador del aseguramiento de la calidad de los alimentos _c/por Alfredo Remes Quiroga |
| 260 |
_aMéxico, D.F. : _bAGT Editor, _c1997. |
||
| 300 | _a132 p. | ||
| 590 |
_aBATCH-UPD _b10 _c20130110 _lUCH01 _h0519 |
||
| 590 |
_aBATCH-UPD _b10 _c20130410 _lUCH01 _h0157 |
||
| 590 |
_aBATCH-UPD _b10 _c20130914 _lUCH01 _h0158 |
||
| 590 |
_aCONVERSION _b10 _c20130109 _lUCH01 _h1346 |
||
| 650 | 1 | 4 |
_aAlimentos _xBacteriología. _94171 |
| 650 | 1 | 4 |
_aAlimentos _xCalidad. |
| 650 | 1 | 4 |
_aAlimentos _xInspección. _94239 |
| 650 | 1 | 4 |
_aCalidad _xControl de la. _917484 |
| 901 | _aBK | ||
| 905 | _aPatricia Mendoza P. | ||
| 942 | _cLIBRO | ||
| 949 |
_a641.1 R45 _bBC _cLIBRO _d33724000791786 _eLIBRO _g206468 _h98636 _i93708 _si _t$114.75 |
||
| 949 |
_a641.1 R45 _bBC _cLIBRO _d33724002070983 _eLIBRO _fc.2 _gI.c/e _h109879 _i93708 _si _t$130.00 |
||
| 999 |
_c82225 _d82225 |
||